| 000 | 00397nam a2200157Ia 4500 | ||
|---|---|---|---|
| 008 | 180423s9999 xx 000 0 und d | ||
| 040 | _aPK-NaQUE | ||
| 100 | _a12ME25 | ||
| 100 | _aAamir Sohail | ||
| 245 | 0 | _aDevelopment of Prototype Pid for Temperature Control | |
| 260 | _aNawabshah | ||
| 260 | _bQUEST | ||
| 260 | _c2012 | ||
| 300 | _a46 | ||
| 700 | _aDepartment of Mechanical Engineering | ||
| 999 |
_c58525 _d58522 |
||